Normal view
MARC view
- Rafael C. Gonzalez
Entry Personal Name
001 - CONTROL NUMBER
- control field: 124038
003 - CONTROL NUMBER IDENTIFIER
- control field: NUST
005 - DATE AND TIME OF LATEST TRANSACTION
- control field: 20240704151856.0
008 - FIXED-LENGTH DATA ELEMENTS
- fixed length control field: 240704|| aca||aabn | a|a d
040 ## - CATALOGING SOURCE
- Original cataloging agency: NUST
- Transcribing agency: NUST
100 ## - HEADING--PERSONAL NAME
- Personal name: Rafael C. Gonzalez
670 ## - SOURCE DATA FOUND
- Source citation: Work cat.: (NUST): Rafael C. Gonzalez, Digital Image Processing, 2018.
